| 000 | 01218nam a22002775a 4500 | ||
|---|---|---|---|
| 003 | OSt | ||
| 005 | 20170214110622.0 | ||
| 008 | 170213s2013 ua frb 000 0 ara d | ||
| 015 | _a2009 / 14121 | ||
| 020 | _a9789770461415 | ||
| 040 |
_aEG-ScBUE _bara _cEG-ScBUE |
||
| 043 |
_af-ua--- _aa-ba--- |
||
| 082 | 0 | 4 |
_a345.0268 _bأ ح م _222 |
| 100 | 1 | _aأحمد، هلالي عبد اللاه. | |
| 245 | 1 | 2 |
_aالمواجهة الجنائية لجرائم المعلوماتية في النظامين المصري والبحريني على ضوء اتفاقية بودابست / _cتأليف هلالي عبد اللاه أحمد. |
| 250 | _aط. 2. | ||
| 260 |
_aالقاهرة : _bدار النهضة العربية، _c2013. |
||
| 300 |
_a387 ص. ؛ _c24 سم. |
||
| 504 | _aيشتمل على إرجاعات ببليوجرافية. | ||
| 630 | 0 | 7 |
_aاتفاقية بودابست _d(23 نوفمبر 2001) _2BUEsh |
| 650 | 7 |
_aجرائم الحاسبات الإلكترونية _xقوانين وتشريعات _zمصر. _2BUEsh |
|
| 650 | 7 |
_aأمن الحاسبات الإلكترونية _xقوانين وتشريعات _zالبحرين. _2BUEsh |
|
| 651 | _2BUEsh | ||
| 653 |
_bLLAAWW _cFebruary2017 |
||
| 942 | _2ddc | ||
| 999 |
_c24145 _d24117 |
||